[Event "BCF-chT4 0304 (4NCL)"]
[Site "West Bromwich "]
[Date "2004.05.29"]
[Round "7.6"]
[White "Moore, Kevin J"]
[Black "Gwynne, David"]
[Result "0-1"]
[WhiteElo "1176"]
[BlackElo "2023"]
[PlyCount "60"]
[EventDate "2003.10.??"]
[EventType "team"]
[EventRounds "11"]
[EventCountry "ENG"]
[SourceTitle "EXT 2005"]
[Source "ChessBase"]
[SourceDate "2004.11.15"]
[SourceVersion "1"]
[SourceVersionDate "2004.11.15"]
[SourceQuality "1"]
[WhiteTeam "The ADS III"]
[BlackTeam "Pontypridd"]
[WhiteTeamCountry "ENG"]
[BlackTeamCountry "ENG"]

1. e4 e5 2. f4 Nc6 3. Nf3 exf4 4. Bc4 d6 5. 0-0 Be6 6. Be2 g5 7. d4 d5 8. Nxg5 Qxg5 9. Bxf4 Qe7 10. Nc3 0-0-0 11. e5 Nh6 12. Qd2 Ng8 13. Bg5 Qb4 14. a3 Qb6 15. Bxd8 Kxd8 16. Qg5+ Nge7 17. Kh1 Qxd4 18. Qf6 Rg8 19. Rf4 Qxe5 20. Rd1 Bg7 21. Qh4 Kc8 22. Re1 Ng6 23. Qf2 Qxf4 24. Qc5 Bd4 25. Qb5 Qf2 26. Rf1 Qh4 27. Nxd5 Be5 28. g3 Bxg3 29. Kg2 Qxh2+ 30. Kf3 Nd4+ 0-1